Statistics for Top 50 youtube channels by subscribers

Click here to take the quiz!

General Stats

  • This quiz has been taken 17 times
  • The average score is 15 of 50

Answer Stats

HintAnswer% Correct
90 Mil.Mrbeast
93%
111 Mil.Pewdiepie
93%
208 Mil.T-Series
73%
48 Mil.T-Series Bhakti Sagar
73%
129 Mil.Cocomelon - Nursery Rhymes
53%
50 Mil.Ariana Grande
47%
57 Mil.Dude Perfect
47%
51 Mil.Ed Sheeran
47%
67 Mil.Justin Bieber
47%
45 Mil.Taylor Swift
40%
79 Mil.Vlad and Niki
33%
75 Mil.5-Minute Crafts
27%
72 Mil.Blackpink
27%
42 Mil.BRIGHT SIDE
27%
44 Mil.Fernanfloo
27%
43 Mil.HolaSoyGerman
27%
42 Mil.Katy Perry
27%
87 Mil.Like Nastya
27%
55 Mil.Pinkfong
27%
128 Mil.SET India
27%
85 Mil.WWE
27%
49 Mil.Aaj Tak
20%
45 Mil.Badabun
20%
64 Mil.BANGTANTV
20%
44 Mil.Billie Eilish
20%
65 Mil.Canal KondZilla
20%
54 Mil.ChuChu TV
20%
50 MilColors TV
20%
48 Mil.El Reino Infantil
20%
40 Mil.elrubiusOMG
20%
51 Mil.EminemMusic
20%
43 Mil.Felipe Neto
20%
66 Mil.Goldmines
20%
64 Mil.HYBE LABELS
20%
45 Mil.JuegaGerman
20%
90 Mil.Kids Diana Show
20%
48 MilLoo Loo Kids
20%
54 Mil.Marshmello
20%
56 Mil.Movieclips
20%
58 Mil.Shemaroo Filmi Gaane
20%
49 Mil.Sony Music India
20%
63 Mil.Sony SAB
20%
49 Mil.Tips Official
20%
44 Mil.YRF
20%
81 Mil.Zee Music Company
20%
61 Mil.Zee TV
20%
41 Mil.Alan Walker
13%
41 Mil.Infobells - Hindi
13%
42 Mil.Você Sabia?
13%
43 Mil.whinderssonnunes
7%

Score Distribution

Percentile by Number Answered

Percent of People with Each Score

Your Score History

You have not taken this quiz